Países que fazem fronteira com: Argélia#10 - Statistics

Estatísticas Gerais
  • Esse quiz foi jogado 79 vezes
  • A pontuação média é 6 de 6
Estatísticas das Respostas
País % Correto
Marrocos
100%
Tunísia
99%
Líbia
94%
Mali
91%
Mauritânia
91%
Níger
87%
Nenhum quiz correspondente encontrado
Distribuição das Pontuações
Porcentagem de Pessoas com Cada Pontuação
Percentil de Números Respondidos
Sua Pontuação Histórica
Você não jogou esse quiz